| 000 | 00457nam a22001577a 4500 | ||
|---|---|---|---|
| 005 | 20231113112301.0 | ||
| 008 | 231113b |||||||| |||| 00| 0 eng d | ||
| 041 | _aEnglish | ||
| 082 | _a345.5 CRI | ||
| 100 | _lEnglish | ||
| 245 |
_aCriminal Court Practice : _bContents : Course Material / _cT Geldenhuys and D Griesel |
||
| 260 | _c2009 | ||
| 300 |
_b151 pages ; _c31 cm. |
||
| 650 |
_aLegal practice _bLaw |
||
| 942 |
_cBK _6ALISON_BN_VRIES |
||
| 999 |
_c562 _d562 |
||